[Event "Issykkul op"]
[Site "Korumdu"]
[Date "2023.07.16"]
[Round "6"]
[White "Mosadeghpour, Masoud"]
[Black "Markov, Mikhail2222"]
[Result "1-0"]
[WhiteElo "2484"]
[BlackElo "2324"]
[PlyCount "59"]
[EventDate "2023.07.12"]
[EventType "swiss"]
[EventRounds "10"]
[EventCountry "KGZ"]
[SourceTitle "CBM 215 Extra"]
[Source "ChessBase"]
[SourceDate "2023.09.30"]
[SourceVersion "1"]
[SourceVersionDate "2023.09.30"]
[SourceQuality "1"]

1. e4 c5 2. Nf3 d6 3. d4 cxd4 4. Nxd4 Nf6 5. Nc3 a6 6. Nb3 b5 7. a4 b4 8. Nd5 e6 9. Nxf6+ Qxf6 10. Na5 Qd8 11. Nc4 d5 12. exd5 exd5 13. Be3 dxc4 14. Qf3 c3 15. Qxa8 cxb2 16. Rb1 Qc7 17. Qe4+ Be7 18. Bf4 Qa7 19. Bd3 Nd7 20. 0-0 Nc5 21. Qe3 Qb7 22. Bd6 Nxd3 23. cxd3 Be6 24. Qc5 b3 25. Rfe1 Bxd6 26. Qxd6 Qd7 27. Qb8+ Qd8 28. Qxb3 0-0 29. Qa3 Bd5 30. Rxb2 1-0

[Event "Titled Tuesday intern op 31st Jan Early"]
[Site "Chess.com INT"]
[Date "2023.01.31"]
[Round "8"]
[White "Bacrot, Etienne"]
[Black "Mosadeghpour, Masoud"]
[Result "1-0"]
[WhiteElo "2653"]
[BlackElo "2472"]
[PlyCount "115"]
[EventDate "2023.01.31"]
[EventType "swiss (blitz)"]
[EventRounds "11"]
[EventCountry "USA"]
[SourceTitle "CBM 212 Extra"]
[Source "ChessBase"]
[SourceDate "2023.03.31"]
[SourceVersion "1"]
[SourceVersionDate "2023.03.31"]
[SourceQuality "1"]

1. e4 e5 2. Nf3 Nf6 3. Nc3 Nc6 4. Bb5 Nd4 5. Nxd4 exd4 6. e5 dxc3 7. exf6 Qxf6 8. dxc3 c6 9. Bd3 d5 10. 0-0 Bd6 11. Re1+ Be6 12. Qh5 h6 13. Be3 0-0 14. h4 Rfe8 15. Bd4 Qf4 16. g3 Qg4 17. Qxg4 Bxg4 18. Rxe8+ Rxe8 19. Bxa7 c5 20. c4 dxc4 21. Bxc4 Bf3 22. a4 g5 23. hxg5 hxg5 24. a5 Kg7 25. Bf1 f5 26. Bb6 f4 27. gxf4 gxf4 28. Bg2 Bxg2 29. Kxg2 Kf6 30. Rd1 Re6 31. Kf3 c4 32. c3 Ke7 33. Rd4 Rh6 34. Rxc4 Rh3+ 35. Kg4 Rh2 36. b4 Rg2+ 37. Kf3 Rh2 38. Bc5 Rh3+ 39. Kg4 Rd3 40. Bxd6+ Rxd6 41. Kxf4 Rf6+ 42. Ke3 Kd6 43. Rd4+ Kc6 44. f4 Rh6 45. Rc4+ Kb5 46. Rc5+ Ka6 47. f5 Rh1 48. Kf4 Rf1+ 49. Kg5 Rg1+ 50. Kh6 b6 51. axb6 Kxb6 52. f6 Rf1 53. Kg7 Rg1+ 54. Kh6 Rh1+ 55. Kg6 Rg1+ 56. Rg5 Rd1 57. f7 Rd8 58. Kg7 1-0

[Event "Titled Tuesday intern op 31st Jan Late"]
[Site "Chess.com INT"]
[Date "2023.01.31"]
[Round "2"]
[White "Blomqvist, Erik"]
[Black "Mosadeghpour, Masoud"]
[Result "0-1"]
[WhiteElo "2538"]
[BlackElo "2472"]
[PlyCount "116"]
[EventDate "2023.01.31"]
[EventType "swiss (blitz)"]
[EventRounds "11"]
[EventCountry "USA"]
[SourceTitle "CBM 212 Extra"]
[Source "ChessBase"]
[SourceDate "2023.03.31"]
[SourceVersion "1"]
[SourceVersionDate "2023.03.31"]
[SourceQuality "1"]

1. e4 c5 2. Nf3 d6 3. d4 cxd4 4. Nxd4 Nf6 5. Nc3 Nc6 6. Bc4 e5 7. Nf3 Be7 8. 0-0 0-0 9. Bg5 Be6 10. Bb3 Rc8 11. Bxf6 Bxf6 12. Qe2 Nd4 13. Nxd4 exd4 14. Nd5 Bxd5 15. Bxd5 Rc5 16. Rad1 Qb6 17. Bb3 Re8 18. Qf3 Qc7 19. g3 b5 20. a4 b4 21. Qd3 a5 22. f4 Qd7 23. Rde1 Qh3 24. Re2 h5 25. Qf3 Qg4 26. Kg2 Qxf3+ 27. Kxf3 g6 28. Rd1 Kg7 29. Rd3 Re7 30. h4 Re8 31. Kf2 Rc7 32. Kf3 Rce7 33. Bd5 Kf8 34. Red2 Rc7 35. Re2 Bg7 36. Bb3 Rce7 37. Bd5 Rc8 38. Rdd2 Rc5 39. Bb3 Ke8 40. Rd3 Kd8 41. Red2 Kc7 42. Rd1 Kb6 43. R1d2 Rc8 44. Rxd4 Bxd4 45. Rxd4 Rd7 46. Rd5 Rc5 47. Rd4 Kc7 48. Rd3 Kd8 49. Rd4 Ke7 50. Rd3 Rdc7 51. Rd2 f5 52. exf5 gxf5 53. Re2+ Kd7 54. Rd2 Rc8 55. Rd3 Re8 56. Rd4 Re1 57. Bc4 Re4 58. Bb5+ Rxb5 0-1

[Event "Titled Tuesday intern op 31st Jan Early"]
[Site "Chess.com INT"]
[Date "2023.01.31"]
[Round "6"]
[White "Kilic, Eray"]
[Black "Mosadeghpour, Masoud"]
[Result "0-1"]
[WhiteElo "2415"]
[BlackElo "2472"]
[PlyCount "76"]
[EventDate "2023.01.31"]
[EventType "swiss (blitz)"]
[EventRounds "11"]
[EventCountry "USA"]
[SourceTitle "CBM 212 Extra"]
[Source "ChessBase"]
[SourceDate "2023.03.31"]
[SourceVersion "1"]
[SourceVersionDate "2023.03.31"]
[SourceQuality "1"]

1. e4 e5 2. Nf3 Nf6 3. Nxe5 d6 4. Nf3 Nxe4 5. c4 d5 6. Nc3 Nf6 7. cxd5 Nxd5 8. Bc4 Nxc3 9. bxc3 Be7 10. 0-0 0-0 11. d4 Nd7 12. h3 c5 13. Re1 Bf6 14. Ba3 b6 15. dxc5 Nxc5 16. Qc2 Bb7 17. Rad1 Qc7 18. Nd4 Rad8 19. Be2 Rfe8 20. Bf3 Bxf3 21. Nxf3 Rxe1+ 22. Rxe1 Ne6 23. c4 h6 24. Qe4 Rc8 25. Rc1 Qf4 26. Qd5 Rd8 27. Qb7 Nd4 28. Nxd4 Bxd4 29. Rf1 Bxf2+ 30. Kh1 Bg3 31. Rg1 Qe3 32. Rf1 Qxa3 33. Qxf7+ Kh8 34. Qg6 Be5 35. Qe6 Qg3 36. Kg1 Qh2+ 37. Kf2 Rf8+ 38. Ke1 Qg3+ 0-1

[Event "Titled Tuesday intern op 31st Jan Late"]
[Site "Chess.com INT"]
[Date "2023.01.31"]
[Round "6"]
[White "Mosadeghpour, Masoud"]
[Black "Nakamura, Hikaru"]
[Result "1-0"]
[WhiteElo "2472"]
[BlackElo "2768"]
[PlyCount "85"]
[EventDate "2023.01.31"]
[EventType "swiss (blitz)"]
[EventRounds "11"]
[EventCountry "USA"]
[SourceTitle "CBM 212 Extra"]
[Source "ChessBase"]
[SourceDate "2023.03.31"]
[SourceVersion "1"]
[SourceVersionDate "2023.03.31"]
[SourceQuality "1"]

1. e4 c5 2. d4 cxd4 3. c3 dxc3 4. Nxc3 Nc6 5. Nf3 e6 6. Bc4 Nge7 7. Bg5 a6 8. 0-0 f6 9. Be3 b5 10. Bb3 Bb7 11. a4 b4 12. Nd5 Nc8 13. Bf4 Bd6 14. Bxd6 Nxd6 15. Nxf6+ gxf6 16. Qxd6 Rc8 17. Rad1 Qe7 18. Qd2 Na5 19. Ba2 Bxe4 20. Nd4 Rg8 21. f3 Bb7 22. Nf5 Qc5+ 23. Kh1 d5 24. Rfe1 Kd7 25. Qh6 Rce8 26. Qxh7+ Kd8 27. Nd4 Bc8 28. Nxe6+ Bxe6 29. Rxe6 Kc8 30. Bxd5 Rh8 31. Rxe8+ Rxe8 32. Qf7 Qe7 33. Qxe7 Rxe7 34. h4 Re2 35. Rc1+ Kb8 36. h5 Re5 37. Bf7 Re7 38. Bg6 Nb3 39. Rc4 a5 40. h6 Nd2 41. Rh4 Re1+ 42. Kh2 Nf1+ 43. Kh3 1-0

[Event "Titled Tuesday intern op 10th Jan Late"]
[Site "Chess.com INT"]
[Date "2023.01.10"]
[Round "10"]
[White "Bryakin, Mikhail"]
[Black "Mosadeghpour, Masoud"]
[Result "0-1"]
[WhiteElo "2463"]
[BlackElo "2472"]
[PlyCount "130"]
[EventDate "2023.01.10"]
[EventType "swiss (blitz)"]
[EventRounds "11"]
[EventCountry "USA"]
[SourceTitle "EXT 2024"]
[Source "ChessBase"]
[SourceDate "2023.10.10"]
[SourceVersion "1"]
[SourceVersionDate "2023.10.10"]
[SourceQuality "1"]

1. Nf3 Nf6 2. d4 e6 3. c4 d5 4. g3 Bb4+ 5. Bd2 Be7 6. Bg2 0-0 7. 0-0 Nbd7 8. Qc2 Ne4 9. Nc3 Nxd2 10. Nxd2 c6 11. e4 dxc4 12. Nxc4 b5 13. Ne3 Rb8 14. Rfd1 c5 15. d5 c4 16. a4 a6 17. axb5 axb5 18. d6 Bf6 19. Ng4 Ne5 20. Nxf6+ Qxf6 21. f4 Nd3 22. e5 Qd8 23. Rxd3 cxd3 24. Qxd3 Qb6+ 25. Kh1 Bb7 26. Bxb7 Qxb7+ 27. Qe4 Qxe4+ 28. Nxe4 Rfc8 29. b4 Rc4 30. Nc5 Rxb4 31. Ra7 Rc4 32. Rc7 Rd8 33. Kg2 b4 34. d7 Rd4 35. Rb7 Rd5 36. Ne4 R5xd7 37. Rxb4 Rd4 38. Rxd4 Rxd4 39. Kf3 Rd3+ 40. Kg4 Ra3 41. h4 Kf8 42. h5 h6 43. Nf2 Ra4 44. Nd3 Rc4 45. Ne1 Ke7 46. Nf3 Rb4 47. Nd2 f5+ 48. Kh3 Kd7 49. Nf3 Kc6 50. Nh4 Kd5 51. Ng6 Rb7 52. Nf8 Re7 53. Kg2 Ke4 54. Ng6 Re8 55. Nh4 Ra8 56. Ng6 Ra2+ 57. Kh3 Ra1 58. Nf8 Kf3 59. Kh2 Ra6 60. Kh3 Kf2 61. Kh2 Kf1 62. g4 Ra2+ 63. Kh3 Ra3+ 64. Kh4 Kg2 65. gxf5 exf5 0-1

[Event "Titled Tuesday intern op 10th Jan Late"]
[Site "Chess.com INT"]
[Date "2023.01.10"]
[Round "5"]
[White "Dimitrov, Atanas Valtchev"]
[Black "Mosadeghpour, Masoud"]
[Result "0-1"]
[WhiteElo "2269"]
[BlackElo "2472"]
[PlyCount "140"]
[EventDate "2023.01.10"]
[EventType "swiss (blitz)"]
[EventRounds "11"]
[EventCountry "USA"]
[SourceTitle "EXT 2024"]
[Source "ChessBase"]
[SourceDate "2023.10.10"]
[SourceVersion "1"]
[SourceVersionDate "2023.10.10"]
[SourceQuality "1"]

1. Nf3 Nf6 2. c4 e6 3. Nc3 d5 4. e3 c5 5. cxd5 exd5 6. d4 Nc6 7. Be2 Be7 8. dxc5 0-0 9. 0-0 Bxc5 10. b3 Be6 11. Bb2 Rc8 12. Rc1 Re8 13. Nxd5 Qxd5 14. Qxd5 Nxd5 15. Rxc5 Ncb4 16. Rxc8 Rxc8 17. Nd4 Nxa2 18. Nxe6 fxe6 19. Bc4 Nab4 20. g3 Kf7 21. Rd1 a6 22. Bd4 b5 23. Bxd5 Nxd5 24. Ra1 Rc6 25. Kg2 Nb4 26. h4 Nc2 27. Ra2 Ne1+ 28. Kf1 Nd3 29. Rd2 Nb4 30. Ke2 a5 31. Be5 Nd5 32. e4 Nf6 33. f3 a4 34. bxa4 bxa4 35. Bxf6 Kxf6 36. Ke3 Ra6 37. Ra2 a3 38. f4 e5 39. g4 exf4+ 40. Kxf4 Ke6 41. h5 h6 42. g5 Ra5 43. gxh6 gxh6 44. e5 Ra4+ 45. Ke3 Kxe5 46. Kd3 Kf5 47. Kc3 Kg5 48. Kb3 Ra8 49. Rg2+ Kxh5 50. Ka2 Ra4 51. Rh2+ Rh4 52. Rf2 Rh3 53. Rf4 Rg3 54. Rf8 Kg5 55. Rh8 h5 56. Rg8+ Kh4 57. Rc8 Kh3 58. Rc1 h4 59. Rh1+ Kg4 60. Rc1 Rf3 61. Rc4+ Kg3 62. Rc8 h3 63. Rg8+ Kf2 64. Rh8 Kg2 65. Rg8+ Rg3 66. Rc8 h2 67. Rc2+ Kh3 68. Rc1 Rg2+ 69. Kxa3 Rg1 70. Rc3+ Rg3 0-1

[Event "Titled Tuesday intern op 10th Jan Late"]
[Site "Chess.com INT"]
[Date "2023.01.10"]
[Round "2"]
[White "Mosadeghpour, Masoud"]
[Black "Miszler, Levente"]
[Result "1-0"]
[WhiteElo "2472"]
[BlackElo "2265"]
[PlyCount "67"]
[EventDate "2023.01.10"]
[EventType "swiss (blitz)"]
[EventRounds "11"]
[EventCountry "USA"]
[SourceTitle "EXT 2024"]
[Source "ChessBase"]
[SourceDate "2023.10.10"]
[SourceVersion "1"]
[SourceVersionDate "2023.10.10"]
[SourceQuality "1"]

1. e4 e6 2. d4 d5 3. exd5 exd5 4. Nf3 Nf6 5. Bd3 Bd6 6. 0-0 0-0 7. Bg5 h6 8. Bh4 c6 9. Nc3 Be6 10. Re1 Nbd7 11. Bg3 Bxg3 12. hxg3 Re8 13. Qd2 Qc7 14. Qf4 Qxf4 15. gxf4 Bg4 16. Ne5 Nxe5 17. fxe5 Nd7 18. f3 Be6 19. Ne2 c5 20. c3 c4 21. Bc2 b5 22. f4 Bg4 23. Ng3 a5 24. a3 g6 25. f5 gxf5 26. Bxf5 Bxf5 27. Nxf5 Kh7 28. Kf2 Nf8 29. Rh1 Ra6 30. Rh5 Ree6 31. Rah1 Rg6 32. Ne3 Ne6 33. Nxd5 Nf4 34. Nxf4 1-0